000 00773nam a22002417a 4500
001 48469
003 UA-OsUOA
005 20200424110428.0
007 ta
008 20070906b un ||||| |||| 00| 0 ukr d
040 _aUA-OsUOA
_bukr
_cUA-OsUOA
_dUA-OsUOA
041 _aukr
080 _a821.161.2
090 _a821.161.2
_bА44
100 _aАкуленко В. І.
245 _aНа перехресті закону і совісті
_bнариси, памфлети, спогади
260 _aК.
_bУкраїнська енциклопедія
_c2001
300 _a456 с.
650 7 _a82 Література. Літературознавство
_2UDC
942 _cBK
_2udc
955 _a3
999 _c334582
_d334582